000 00966nam a22002177a 4500
005 20080624151852.0
008 080624t xxu||||| |||| 00| 0 hin d
010 _aHIN-46018
020 _c110.00
035 _aHN-27344
037 _bDBAD
040 _adpl
_bHN
082 _a181.492
100 _aमहाप्रज्ञ
245 _aएसो पंच णमोक्कारो /
_cमहाप्रज्ञ, दुलहराज द्वारा संपादित
260 _aचूरू
_bआदर्श साहित्य संघ
_c1999
300 _a156पृ.
_c23सेमी.
700 _aदुलहराज द्वारा संपादित
942 _cHN
_2ddc
_h181.492
_mमहाप्र
999 _c13960
_d13960